000
00243 a2200109 4500
001
82639
090
_c
39978
_d
39978
100
_a
Sun,C.T
245
_a
Mechanics of Aircraft Structures
260
_a
NY
_b
John Wiley & Sons
_c
1998
300
_a
xii, 255 p.
942
_a
NUST-CAE
999
_c
317712
_d
317712